Software Engineering (Record no. 11377)
[ view plain ]
| 000 -LEADER | |
|---|---|
| fixed length control field | 00536nam a22001817a 4500 |
| 005 - DATE AND TIME OF LATEST TRANSACTION | |
| control field | 20260227013917.0 |
| 008 - FIXED-LENGTH DATA ELEMENTS--GENERAL INFORMATION | |
| fixed length control field | 260227b |||||||| |||| 00| 0 eng d |
| 020 ## - INTERNATIONAL STANDARD BOOK NUMBER | |
| International Standard Book Number | 978 0 07 131235 6 |
| 040 ## - CATALOGING SOURCE | |
| Transcribing agency | JHCSC |
| 082 ## - DEWEY DECIMAL CLASSIFICATION NUMBER | |
| Classification number | 005.1 |
| 100 ## - MAIN ENTRY--PERSONAL NAME | |
| 9 (RLIN) | 10117 |
| Personal name | Roger S. Pressman |
| Dates associated with a name | Ph.D |
| Relator term | Author |
| 245 ## - TITLE STATEMENT | |
| Title | Software Engineering |
| Remainder of title | A Practitioner's Approach |
| 250 ## - EDITION STATEMENT | |
| Edition statement | 7th Edition |
| 260 ## - PUBLICATION, DISTRIBUTION, ETC. | |
| Place of publication, distribution, etc. | Philippines |
| Name of publisher, distributor, etc. | McGrow Hill Companies |
| Date of publication, distribution, etc. | 2012 |
| 300 ## - PHYSICAL DESCRIPTION | |
| Extent | xxiv, 895 pages |
| Other physical details | Includes Figures |
| 760 ## - MAIN SERIES ENTRY | |
| Edition | 7th edition |
| 942 ## - ADDED ENTRY ELEMENTS (KOHA) | |
| Source of classification or shelving scheme | Dewey Decimal Classification |
| Koha item type | Book |
| Edition | 7th edition |
| Withdrawn status | Lost status | Source of classification or shelving scheme | Damaged status | Not for loan | Collection code | Home library | Current library | Shelving location | Date acquired | Full call number | Barcode | Date last seen | Price effective from | Koha item type | Total Checkouts |
|---|---|---|---|---|---|---|---|---|---|---|---|---|---|---|---|
| Dewey Decimal Classification | Information Technology | JHCSC - Canuto MS Enero Campus Library | JHCSC - Canuto MS Enero Campus Library | Circulation | 11/10/2014 | 005.1 P935 2012 | 2014 1335 | 02/27/2026 | 02/27/2026 | Book | |||||
| Dewey Decimal Classification | Information Technology | JHCSC - Canuto MS Enero Campus Library | JHCSC - Canuto MS Enero Campus Library | Circulation | 11/10/2014 | 005.1 P935 2012 | 2014 1337 | 02/27/2026 | 02/27/2026 | Book |